Digital sea change (Record no. 67364)

MARC details
000 -LEADER
fixed length control field 00973cam a2200229 4500
001 - CONTROL NUMBER
control field WB3724-36
008 - FIXED-LENGTH DATA ELEMENTS--GENERAL INFORMATION
fixed length control field 000000n2001 000 0 eng u
035 ## - SYSTEM CONTROL NUMBER
System control number (Sirsi) u113141
245 ## - TITLE STATEMENT
Title Digital sea change
260 ## - PUBLICATION, DISTRIBUTION, ETC.
Date of publication, distribution, etc. 2001
490 ## - SERIES STATEMENT
Series statement Surveying World
Volume/sequential designation 9(4) May/June 2001, 8(1)
520 ## - SUMMARY, ETC.
Summary, etc. A £600,000 project to produce a computerised map of Britain's 10,000km coastline is to be conducted by the Ordnance Survey, the Hydrographic Office and the British Geological Survey. The project will lead to the creation of the Integrated Coastal Zone Mapping (ICZMap). An initial project, covering an area from Shoreham in West Sussex to Lyme Regis in Dorset, is expected to be completed by April 2003.
590 ## - LOCAL NOTE (RLIN)
Local note WB
650 ## - SUBJECT ADDED ENTRY--TOPICAL TERM
Topical term or geographic name entry element FLOODING
650 ## - SUBJECT ADDED ENTRY--TOPICAL TERM
Topical term or geographic name entry element COASTLINES
650 ## - SUBJECT ADDED ENTRY--TOPICAL TERM
Topical term or geographic name entry element ORDNANCE SURVEY
650 ## - SUBJECT ADDED ENTRY--TOPICAL TERM
Topical term or geographic name entry element HYDROGRAPHIC OFFICE
650 ## - SUBJECT ADDED ENTRY--TOPICAL TERM
Topical term or geographic name entry element BRITISH GEOLOGICAL SURVEY
650 ## - SUBJECT ADDED ENTRY--TOPICAL TERM
Topical term or geographic name entry element UNITED KINGDOM
690 ## - LOCAL SUBJECT ADDED ENTRY--TOPICAL TERM (OCLC, RLIN)
Topical term or geographic name as entry element MAPPING AND MEASUREMENT-GIS
942 ## - ADDED ENTRY ELEMENTS (KOHA)
Suppress in OPAC 0
Holdings
Withdrawn status Lost status Source of classification or shelving scheme Damaged status Not for loan Home library Current library Shelving location Date acquired Total Checkouts Full call number Barcode Date last seen Copy number Price effective from Koha item type
    Dewey Decimal Classification     London London News article 19/06/2001   WB3724-36 113141-1001 06/08/2019 1 06/08/2019 News article